000 01661nam a2200469 i 4500
001 7034
003 KOSZ 005
005 20191029151650.0
008 070821s1970 pl a f f |000 0 pol
015 _aPB 1970/8685
035 _a991036043429705066
035 _a(PL-WaBN)b1968664x-48omnis_nlop
035 _ab1968664x
035 _a(OCoLC)69272111
035 _a(PL)b0000001968664
035 _a(EXLNZ-48OMNIS_NETWORK)9910412084105606
040 _aWA N
_cWA N
_dKOSZ 005/EC
041 _apol
046 _k1970
080 _a519
100 1 _aPlucińska, Agnieszka
_d(1932- )
_eAutor
245 1 0 _aZadania z rachunku prawdopodobieństwa i statystyki matematycznej :
_bdla studentów politechnik /
_cAgnieszka Plucińska, Edmund Pluciński.
260 _aWarszawa :
_bPaństwowe Wydawnictwo Naukowe,
_c1970.
300 _a138, [2] s. :
_bil. ;
_c23 cm.
336 _2rdacontent
_aTekst
_btxt
337 _2rdamedia
_aBez urządzenia pośredniczącego
_bn
338 _2rdacarrier
_aWolumin
_bnc
380 _aKsiążki
380 _aPublikacje dydaktyczne
385 _mPoziom nauczania
_aSzkoły wyższe
388 _a1901-2000
388 _a1945-1989
650 7 _aRachunek prawdopodobieństwa
_2DBN
650 7 _aStatystyka matematyczna
_2DBN
655 7 _aĆwiczenia i zadania dla szkół wyższych
_2DBN
658 _aMatematyka
700 1 _aPluciński, Edmund
_d(1929-2014)
_eAutor
710 2 _aPaństwowe Wydawnictwo Naukowe
856 _uhttp://koha.tu.koszalin.pl/cgi-bin/koha/opac-detail.pl?biblionumber=7034
_yKatalog online BPK
942 _2UKD
_cKS
999 _c7034
_d7034